| 000 | 00675nam a2200133Ia 4500 | ||
|---|---|---|---|
| 008 | 171212s9999 xx 000 0 und d | ||
| 020 | _a9780833041906 | ||
| 100 | _aSzayna, Thomas S.;Eaton, Derek;Richardson, Amy | ||
| 245 |
_cSzayna, Thomas S.;Eaton, Derek;Richardson, Amy _aPreparing the Army for Stability Operations _bDoctrinal and Interagency Issues |
||
| 260 |
_bRAND Corporation _c2007 |
||
| 650 | _aManagement & Organizational Behavior | ||
| 650 | _aUnited States. Army -- Civic action; United States -- Armed Forces -- Stability operations; Interagency coordination -- United States; Military doctrine -- United States | ||
| 856 | _uwww.jstor.org/stable/10.7249/mg646a | ||
| 999 |
_c352426 _d352426 |
||